The Young Botanist ... Diagrams by Richard C. Clarke.

محفوظ في:

المؤلف الرئيسي: Prime, C. T.

التنسيق: كتاب

اللغة: English

منشور في: Edinburgh : Thomas Nelson and sons LTD, 1963.

الموضوعات:

الوسوم: إضافة وسم

لا توجد وسوم, كن أول من يضع وسما على هذه التسجيلة!

رقم الطلب: QK47 .C739

LEADER 00626nam a22002177a 4500
003 OSt
005 20251222080047.0
008 251222t1963 enka 000 0 eng
010 |a   
040 |c ARCE Library 
042 |a premarc 
050 1 4 |a QK47  |b .C739 
100 1 |a Prime, C. T.   |q (Cecil Thomas) 
245 1 4 |a The Young Botanist ... Diagrams by Richard C. Clarke. 
260 |a Edinburgh :   |b Thomas Nelson and sons LTD,   |c 1963. 
300 |a x, 210 p. :  |b ill. (1 col. ill.) ;  |c 21 cm. 
500 |a A “Practical Book”. 
650 0 |a Botany  |v Juvenile literature. 
901 |a reviewed 
942 |2 lcc  |c BK 
999 |c 51540  |d 51540